LGBT Survivor Castaways Quiz Stats

 Plays Quiz not verified by Sporcle

Challenge
Share
Tweet
Embed
Score 0/28 Timer 10:00
0 Plays Today
Season Castaway % Correct
Borneo; All-StarsRichard Hatch
95.2%
ChinaTodd Herzog
92.9%
One World; Blood vs WaterColton Cumbie
90.8%
Vanuatu; MicronesiaAmi Cusack
86.4%
Australian Outback; CambodiaJeff Varner
85.9%
Blood vs WaterCaleb Bankston
85%
MicronesiaNatalie Bolton
84.4%
Kaoh RongTai Trang
81.6%
San Juan del SurReed Kelly
79.3%
GuatemalaRafe Judkins
78.6%
San Juan del SurJosh Canfield
78.5%
VanuatuScout Cloud Lee
78.2%
MicronesiaChet Welch
76.8%
CagayanBrice Johnston
76.7%
Season Castaway % Correct
TocantinsSpencer Duhm
76.5%
PalauCoby Archa
75.4%
GabonCharlie Herschel
74.4%
SamoaShannon 'Shambo' Waters
74.3%
BorneoSonja Christopher
74%
MarquesasJohn Carroll
69.8%
CaramoanMichael Snow
68.6%
Cook IslandsBrad Virata
66.7%
PhilippinesDana Lambert
66.3%
Worlds ApartKelly Remington
64.5%
AfricaBrandon Quinton
63%
Cook IslandsJ.P. Calderon
62.6%
South PacificMark 'Papa Bear' Caruso
62.1%
Australian OutbackMitchell Olson
61%

You're not logged in!

Compare scores with friends on all Sporcle quizzes.
OR
Log In

You Might Also Like...

Show Comments

Extras

Top Quizzes Today


Score Distribution

Your Account Isn't Verified!

In order to create a playlist on Sporcle, you need to verify the email address you used during registration. Go to your Sporcle Settings to finish the process.

Report this User

Report this user for behavior that violates our Community Guidelines.

Details: